LEADER 01458nam a2200337 u 4500 001 000000028206 003 CaOOAMICUS 005 20070226111757.0 008 960520s1996 it b u000 u ita u 020 $a8880913107 035 $a10731926 040 $aBSR$bita$dEFR 100 1 $aPinto, Giuliano.$0(OLS)http://pul/name/22991 245 10$aCittą e spazi economici nell'Italia comunale /$cGiuliano Pinto. 260 $aBologna :$bCLUEB,$cc1996. 300 $a254 p. :$bmaps ;$c21 cm 490 1 $aBiblioteca di storia urbana medievale ;$v9 500 $aIndex: p. [239]-254. 504 $aIncludes bibliographical references. 650 0$aCities and towns$zItaly$xHistory.$2//eng$0(OLS)http://pul/subject/16283 650 0$aRural conditions$zItaly$xHistory.$2//eng$0(OLS)http://pul/subject/16284 651 0$aItaly$xEconomic conditions.$2//eng$0(OLS)http://pul/subject/4772 651 0$aItaly$xHistory.$0(OLS)http://pul/subject/5087 830 0$aBiblioteca di storia urbana medievale ;$v9.$0(OLS)http://pul/title/650 850 $aPUL 852 $aPUL$W1$xSL Filosofia 1$y2$m97 Q 9$j39203$nBK-PRI$b $qStampati$B39203$CPULBib$Z2$F39203 $H $81 941 1 $a8 961 $aINV: 75104 996 $6020$a8880913107$9(OLS)http://pul/number/35017 996 $6245$aCittą e spazi economici nell'Italia comunale$9(OLS)http://pul/title/38532 996 $6260$aBologna :$bCLUEB$9(OLS)http://pul/publisher/48133 LEADER 01389nam a2200301 u 4500 001 000000052708 003 CaOOAMICUS 005 20070226115459.0 008 001024r19641926gw u000 u lat u 035 $a10859205 040 $aPUL(R)$bita$dISA(R) 130 0 $aAnthologia Latina.$0(OLS)http://pul/title/70673 245 10$aCarmina latina epigraphica.$nIII,$pSupplementum /$cconlegit Franciscus Buecheler ; curavit Ernestus Lommatzsch. 246 35$aAnthologia latina, sive poesis latinae supplementum 260 $aLipsiae :$bin aedibus B. G. Teubneri,$c1964. 300 $a176 p. ;$c18 cm 500 $aInclude indici. 650 4$aPoesia latina.$0(OLS)http://pul/subject/2184 650 4$aEpigrammi latini.$0(OLS)http://pul/subject/21890 700 1 $aLommatzsch, Ernst,$d1871-$0(OLS)http://pul/name/11539 700 1 $aBücheler, Franz,$d1837-1908.$0(OLS)http://pul/name/11537 850 $aPUL 852 $aPUL$W1$xDP1 Fondo Ciprotti$y59$m1547 E 38$j69646$nBK-PRI$b $qFondi$B69646$CPULBib$Z2$F69646 $H $81 941 1 $a1 961 $aINV: Fondo Ciprotti 996 $6245$aCarmina latina epigraphica.$nIII,$pSupplementum$9(OLS)http://pul/title/70674 996 $6246$aAnthologia latina, sive poesis latinae supplementum$9(OLS)http://pul/title/70675 996 $6260$aLipsiae :$bin aedibus B. G. Teubneri$9(OLS)http://pul/publisher/47874